The overworked American : The unexpected decline of leisure
This is a book with an important message that unfortunately will probably not be taken seriously. Schor, a Harvard economist, argues from statistics what the rest of us know from experience, that "in the last twenty years the amount of time Americans have spent at their jobs has risen steadily
Đã lưu trong:
| Hovedforfatter: | |
|---|---|
| Format: | Bog |
| Sprog: | Undetermined |
| Udgivet: |
New York
HarperCollins
1991
|
| Fag: | |
| Tags: |
Tilføj Tag
Ingen Tags, Vær først til at tagge denne postø!
|
| Thư viện lưu trữ: | Trung tâm Học liệu Trường Đại học Cần Thơ |
|---|
| LEADER | 00890nam a2200217Ia 4500 | ||
|---|---|---|---|
| 001 | CTU_40883 | ||
| 008 | 210402s9999 xx 000 0 und d | ||
| 082 | |a 306.4821973 | ||
| 082 | |b S374 | ||
| 100 | |a Schor, Juliet B . | ||
| 245 | 4 | |a The overworked American : | |
| 245 | 4 | |b The unexpected decline of leisure | |
| 245 | 0 | |c Juliet B. Schor | |
| 260 | |a New York | ||
| 260 | |b HarperCollins | ||
| 260 | |c 1991 | ||
| 520 | |a This is a book with an important message that unfortunately will probably not be taken seriously. Schor, a Harvard economist, argues from statistics what the rest of us know from experience, that "in the last twenty years the amount of time Americans have spent at their jobs has risen steadily | ||
| 650 | |a hours of labor,Leisure | ||
| 650 | |z United States,United States | ||
| 904 | |i Minh, 010416 | ||
| 980 | |a Trung tâm Học liệu Trường Đại học Cần Thơ | ||